01689nam a2200217 a 4500001001500000005001700015008004100032020003500073020003000108040000600138082002200144100002300166245004400189260003600233300002100269520095700290856008201247942001201329999001701341952011301358ASIN193757003720170105102931.0140224s2011 xxu eng d a1937570037 (paperback)c$28.00 a9781937570033 (paperback) a0 a331.013bLIN 20121 aLindner, Evelin G.12aA dignity economy /cEvelin G. Lindner. a[S.l.] :bDignity Press,c2011. a460 p. ;c23 cm. aThe economic crisis has many labels ranging from "subprime crisis" to "credit crunch," to "financial tsunami" or "economic Armageddon. Around the world, people are coming to a single diagnosis: "Something is deeply unhealthy in our world." This book advocates a deep paradigm shift, not just from one rigid paradigm to another rigid paradigm, but away from rigidity altogether. Away from massive institutions toward a global movement that is co-created by people and their enthusiastic energy. We need a dignity revolution, and not just in Tunisia or Egypt. Now we need a global dignity revolution, a world dignity movement, a movement that creates inclusion, both locally and globally. This book by the author of award winning books "Making Enemies - Humiliation and International Conflict", "Emotion and Conflict", as well as "Gender, Humiliation, and Global Security" provides an overview about the plurality of concepts and movements aimed at this.403Amazon.comuhttp://www.amazon.com/exec/obidos/ASIN/1937570037/chopaconline-20 2ddccBK c16041d16041 001040708NFICaCIPSbCIPScGENd2013-10-25l0o331.013 LIN 2012pCIPSD0000008r2014-02-24w2014-02-24yBK